Fundamentals of temperature, pressure, and flow measurements /
Guardado en:
| Autor Principal: | |
|---|---|
| Formato: | Libro |
| Idioma: | English |
| Publicado: |
New York :
Wiley,
c1969.
|
| Materias: | |
| Etiquetas: |
Agregar Etiqueta
Sin Etiquetas, Sea el primero en etiquetar este registro!
|
| LEADER | 00954cam a22002655a 4500 | ||
|---|---|---|---|
| 001 | EIQ.libpla000508 | ||
| 008 | 690220s19691969nyuao####b####001#0#eng#d | ||
| 005 | 20071226192223.0 | ||
| 245 | 1 | 0 | |a Fundamentals of temperature, pressure, and flow measurements / |c Robert P. Benedict. |
| 260 | |a New York : |b Wiley, |c c1969. | ||
| 300 | |a xiv, 353 p. : |b il., fotos, tablas ; |c 23 cm. + |e 1 diskette. | ||
| 504 | |a Incluye referencias bibliográficas e índices. | ||
| 020 | |a 047106560X | ||
| 100 | 1 | |a Benedict, Robert P. | |
| 246 | 3 | 0 | |a Temperature, pressure, and flow measurements. |
| 082 | 0 | 0 | |a 536/.5 |
| 650 | 4 | |a Temperatura |x Mediciones. | |
| 650 | 4 | |a Presión |x Mediciones. | |
| 650 | 4 | |a Dinámica de fluídos |x Mediciones. | |
| 650 | 4 | |a Temperature |x Measurements. | |
| 650 | 0 | |a Pressure |x Measurements. | |
| 650 | 4 | |a Fluid dynamics |x Measurements. | |
| 010 | |a 68009244 | ||
| 040 | |a DLC |c DLC |d DLC |d AR-BbSID | ||
| 859 | |a AR-BbSID |b BIB. PLAPIQUI |h 536.5 |i B 434 |p 332 | ||
